| 000 | 00986nam a22003137a 4500 | ||
|---|---|---|---|
| 001 | 0006739 | ||
| 003 | KOHA_MİRAKIL | ||
| 005 | 20260207001533.0 | ||
| 007 | ta | ||
| 008 | 090810b1987 us |||gr||||#0|||0|eng | | ||
| 020 |
_a0136374069 _q0136373313 |
||
| 040 |
_aTR-BiSEU _btur _cTR-BiSEU _erda |
||
| 041 | 0 | _aeng | |
| 044 | _cus | ||
| 050 |
_aQA76.76.O63 _bT36 1987 |
||
| 100 | 1 | _aTanenbaum, Andrew S.. | |
| 245 | 1 |
_aOperating systems : _bdesign and implementation/ _cAndrew S. Tanenbaum ; Andrew S. Tanenbaum. |
|
| 264 | 1 |
_aEnglewood Cliffs, N.J. : _bPrentice-Hall,c1987 _c1987 |
|
| 300 | _aXVI, 719 sayfa: resimli; 25 cm. | ||
| 336 |
_ametin _btxt _2rdacontent |
||
| 337 |
_aaracısız _bn _2rdamedia |
||
| 338 |
_acilt _bnc _2rdacarrier |
||
| 490 | 0 | _aPrentice-Hall software series | |
| 500 | _aKaynakça ve dizin var. | ||
| 650 | 0 |
_aOperating systems (Computers). _91611 |
|
| 830 | 0 |
_aPrentice-Hall software series _916656 |
|
| 907 | _aBilgisayar | ||
| 942 |
_2lcc _cBK |
||
| 999 |
_c6720 _d6720 |
||